| 000 | 00362nam a2200157Ia 4500 | ||
|---|---|---|---|
| 100 | _aLang E | ||
| 650 | _aAutomobiles | ||
| 942 | _cBK | ||
| 654 | _aHigh temperature application | ||
| 245 | _aCoating for High Temperature Application | ||
| 260 |
_bElsevier Applied _c1983 |
||
| 082 |
_a667.9 _bLAN |
||
| 300 | _a442 | ||
| 546 | _aENGLISH | ||
| 999 |
_c34718 _d34718 |
||